Supervision in the hospitality industry
Guardat en:
| Autor principal: | |
|---|---|
| Format: | Llibre |
| Idioma: | anglès |
| Publicat: |
John Wiley & Sons
1992
|
| Etiquetes: |
Afegir etiqueta
Sense etiquetes, Sigues el primer a etiquetar aquest registre!
|
MARC
| LEADER | 00000nam a22000007a 4500 | ||
|---|---|---|---|
| 008 | 210119b ||||| |||| 00| 0 eng d | ||
| 020 | |a 0-471-54904-5 | ||
| 100 | |a MILLER, Jack E. | ||
| 245 | |a Supervision in the hospitality industry |c Jack E. Miller, Mary Porter Karen Eich Drummond |e Wiley Service management series | ||
| 250 | |b 2nd ed | ||
| 260 | |b John Wiley & Sons |c 1992 |h New York |i 279971 |i 279972 |l TX911.3 .P4M61 | ||
| 942 | |a lcc |c BK |e Adeyeye Y. S. |f 19/01/2021 | ||
| 952 | |0 0 |1 0 |2 lcc |4 0 |6 TX09113 P4 M61 |7 0 |9 1190 |a HOL |b HOL |c QZ |d 2021-01-19 |l 0 |o TX911.3 .P4M61 |p 2021-0011 |r 2021-01-19 00:00:00 |w 2021-01-19 |y BK | ||
| 952 | |0 0 |1 0 |2 lcc |4 0 |6 TX09113 P4 M61 |7 0 |9 1255 |a HOL |b HOL |c QZ |d 2021-01-19 |l 0 |o TX911.3 .P4M61 |p 2021-0070 |r 2021-01-19 00:00:00 |w 2021-01-19 |y BK | ||
| 999 | |c 627 |d 627 | ||